[Event "Wch Seniors 65 28th"]
[Site "Bled"]
[Date "2018.11.28"]
[Round "10"]
[White "Dvorsky, David"]
[Black "Turegano Moratalla, Santiago"]
[Result "0-1"]
[WhiteElo "1345"]
[BlackElo "1808"]
[PlyCount "58"]
[EventDate "2018.11.18"]
[EventType "swiss"]
[EventRounds "11"]
[EventCountry "SLO"]
[SourceTitle "CBM 187 Extra"]
[Source "ChessBase"]
[SourceDate "2018.11.04"]
[SourceVersion "1"]
[SourceVersionDate "2018.11.04"]
[SourceQuality "1"]

1. e4 c5 2. Nc3 e6 3. g3 d5 4. exd5 exd5 5. d4 Nf6 6. Bg2 cxd4 7. Qxd4 Nc6 8. Qe3+ Be6 9. Qe2 Bb4 10. Bd2 0-0 11. Nf3 Bg4 12. 0-0 Re8 13. Qd1 Qd7 14. Ne2 Bc5 15. Nf4 Ne4 16. Nd3 Bb6 17. Qc1 Qf5 18. Nh4 Qh5 19. Nf4 Qe5 20. Bxe4 dxe4 21. Bc3 Bd4 22. Bxd4 Nxd4 23. h3 Bxh3 24. Nhg2 g5 25. c3 Nf3+ 26. Kh1 gxf4 27. gxf4 Qh5 28. Nh4 Qxh4 29. Rg1+ Bg4+ 0-1

[Event "Wch Seniors 65 28th"]
[Site "Bled"]
[Date "2018.11.25"]
[Round "7"]
[White "Booth, Anthony"]
[Black "Dvorsky, David"]
[Result "1-0"]
[WhiteElo "1648"]
[BlackElo "1345"]
[PlyCount "159"]
[EventDate "2018.11.18"]
[EventType "swiss"]
[EventRounds "11"]
[EventCountry "SLO"]
[SourceTitle "CBM 187 Extra"]
[Source "ChessBase"]
[SourceDate "2018.11.04"]
[SourceVersion "1"]
[SourceVersionDate "2018.11.04"]
[SourceQuality "1"]

1. d4 d5 2. c4 e6 3. Nc3 Nf6 4. Bf4 c6 5. c5 Be7 6. e3 Nbd7 7. b4 Ne4 8. Nxe4 dxe4 9. Bc4 0-0 10. h3 Nf6 11. Bh2 Nd5 12. a3 f5 13. Ne2 Bf6 14. 0-0 Kh8 15. Qd2 Qe8 16. f4 exf3 17. Rxf3 Bg5 18. Bf4 Bxf4 19. exf4 Bd7 20. Rb1 b5 21. Bb3 Qd8 22. Nc1 a5 23. Nd3 axb4 24. axb4 Be8 25. Ne5 Rf6 26. Bd1 Ra7 27. Kh2 Ne7 28. Bb3 Ng6 29. Qe3 Ne7 30. Qd2 Qa8 31. Rff1 Nd5 32. Nd3 Rff7 33. Rfe1 Rfe7 34. Qb2 Bf7 35. Ra1 Qb8 36. Qd2 Nf6 37. Ne5 Be8 38. Bc2 Qa8 39. Rxa7 Rxa7 40. Bb3 Nd5 41. g3 Ra1 42. Re2 Ra7 43. Nd3 Bf7 44. Ne5 Kg8 45. Bxd5 exd5 46. Nxf7 Rxf7 47. Qe3 Kf8 48. Qe6 g6 49. Qd6+ Kg8 50. g4 Qc8 51. Re6 fxg4 52. hxg4 Qc7 53. Kg3 Qxd6 54. Rxd6 Re7 55. Rxc6 Re3+ 56. Kf2 Re4 57. Rd6 Rxd4 58. Ke3 Rxb4 59. Rxd5 Rc4 60. c6 Rxc6 61. Rxb5 Rc7 62. g5 Rf7 63. Ke4 h5 64. gxh6 Kh7 65. Re5 Kxh6 66. f5 g5 67. Re6+ Kh5 68. f6 g4 69. Kf5 g3 70. Re1 g2 71. Rg1 Ra7 72. Rxg2 Ra5+ 73. Ke6 Ra6+ 74. Kf7 Ra7+ 75. Kg8 Ra8+ 76. Kg7 Ra7+ 77. f7 Rb7 78. Kg8 Rb8+ 79. f8Q Rxf8+ 80. Kxf8 1-0

[Event "Wch Seniors 65 28th"]
[Site "Bled"]
[Date "2018.11.23"]
[Round "6"]
[White "Dvorsky, David"]
[Black "Bergen, Klaus"]
[Result "0-1"]
[WhiteElo "1345"]
[BlackElo "1858"]
[PlyCount "148"]
[EventDate "2018.11.18"]
[EventType "swiss"]
[EventRounds "11"]
[EventCountry "SLO"]
[SourceTitle "CBM 187 Extra"]
[Source "ChessBase"]
[SourceDate "2018.11.04"]
[SourceVersion "1"]
[SourceVersionDate "2018.11.04"]
[SourceQuality "1"]

1. e4 c5 2. Nc3 Nc6 3. g3 g6 4. Bg2 Bg7 5. Nge2 d6 6. d3 e5 7. Be3 Nge7 8. Qd2 0-0 9. 0-0 Be6 10. Nd5 Qd7 11. Bh6 f5 12. Bxg7 Kxg7 13. f4 Rab8 14. c4 Nd4 15. Nxd4 exd4 16. a4 Nc6 17. b4 Bxd5 18. b5 Be6 19. exf5 Bxf5 20. bxc6 bxc6 21. Rfe1 Rb3 22. Be4 Rfb8 23. Qg2 Bh3 24. Bxc6 Bxg2 25. Bxd7 Rb2 26. Re7+ Kg8 27. Be6+ Kh8 28. Rxa7 Bf3 29. Bh3 Re8 30. Rf1 Bc6 31. Ra6 Bb7 32. Rxd6 Ree2 33. Rd8+ Kg7 34. Rd7+ Kf6 35. Rxb7 Rxb7 36. Bg2 Rbb2 37. Bd5 Ra2 38. Bc6 Rxh2 39. g4 h6 40. a5 Rhb2 41. Re1 Rxa5 42. Bd5 Ra6 43. Kf1 Rab6 44. Re2 Rxe2 45. Kxe2 g5 46. f5 Ke5 47. Kf3 Rb1 48. Be4 Rb3 49. Kg3 Rb1 50. Bf3 Re1 51. Be4 Rg1+ 52. Kf3 Re1 53. Kg3 Re3+ 54. Kf2 Kf6 55. Kg2 Re2+ 56. Kf3 Ra2 57. Kg3 Ra7 58. Bf3 Rh7 59. Be4 h5 60. gxh5 Rxh5 61. Bf3 Rh4 62. Bg4 Ke5 63. f6 Kxf6 64. Kf3 Ke5 65. Bc8 Rh2 66. Bb7 Rh3+ 67. Ke2 Kf4 68. Bg2 g4 69. Bd5 Rh2+ 70. Kf1 Ke3 71. Be4 Rd2 72. Bg6 Rxd3 73. Bxd3 Kxd3 74. Kf2 Kxc4 0-1

[Event "Wch Seniors 65 28th"]
[Site "Bled"]
[Date "2018.11.21"]
[Round "4"]
[White "Kerr, Grant"]
[Black "Dvorsky, David"]
[Result "1/2-1/2"]
[WhiteElo "1850"]
[BlackElo "1345"]
[PlyCount "172"]
[EventDate "2018.11.18"]
[EventType "swiss"]
[EventRounds "11"]
[EventCountry "SLO"]
[SourceTitle "CBM 187 Extra"]
[Source "ChessBase"]
[SourceDate "2018.11.04"]
[SourceVersion "1"]
[SourceVersionDate "2018.11.04"]
[SourceQuality "1"]

1. b3 d5 2. Bb2 Nf6 3. e3 e6 4. f4 Ne4 5. Nf3 Nd7 6. a3 Ndf6 7. d3 Nd6 8. Nbd2 Be7 9. Qe2 0-0 10. Ne5 Nd7 11. Ndf3 Bf6 12. g3 Bxe5 13. Nxe5 Nxe5 14. Bxe5 f6 15. Bb2 c5 16. Bg2 Qa5+ 17. Kf2 Nb5 18. Qe1 Qxe1+ 19. Rhxe1 Nc7 20. Rad1 b5 21. e4 Bb7 22. e5 f5 23. c4 Rad8 24. cxb5 Nxb5 25. a4 Nc7 26. Ba3 Na6 27. d4 Rc8 28. Bf1 Nb4 29. Bxb4 cxb4 30. Rc1 Rc3 31. Rxc3 bxc3 32. Rc1 Rc8 33. Bb5 Kf7 34. Ke3 a6 35. Be2 Rc6 36. Kd3 a5 37. Kc2 Ke7 38. Rf1 Rb6 39. Kxc3 Bc6 40. g4 g6 41. gxf5 exf5 42. Rf3 Bd7 43. Rh3 h5 44. Rg3 Kf7 45. h4 Rb4 46. Rd3 Rb6 47. Bf3 Be6 48. Bd1 Ke7 49. Kd2 Kd7 50. Rc3 Bf7 51. Rc5 Ra6 52. Be2 Ra7 53. Bb5+ Ke7 54. Kc3 Be6 55. Bc6 Rc7 56. b4 axb4+ 57. Kxb4 g5 58. hxg5 h4 59. Kb5 h3 60. Rc3 Bd7 61. Rxh3 Bxc6+ 62. Kb6 Rc8 63. Rh7+ Kd8 64. Rh8+ Be8 65. a5 Rb8+ 66. Ka7 Rb1 67. a6 Ke7 68. Rh7+ Kd8 69. Rb7 Rf1 70. Kb6 Rb1+ 71. Kc5 Rc1+ 72. Kd6 Rc6+ 73. Kxd5 Rxa6 74. Kc4 Ra4+ 75. Rb4 Bf7+ 76. Kc5 Ra5+ 77. Rb5 Ra4 78. d5 Bxd5 79. Kxd5 Rxf4 80. g6 Ke7 81. Rb6 Rg4 82. Rf6 Rg5 83. Rb6 f4 84. Rb7+ Kf8 85. Rf7+ Ke8 86. Rxf4 Rxg6 1/2-1/2

[Event "Wch Seniors 65 28th"]
[Site "Bled"]
[Date "2018.11.20"]
[Round "3"]
[White "Dvorsky, David"]
[Black "Green, Per"]
[Result "0-1"]
[WhiteElo "1345"]
[BlackElo "1919"]
[PlyCount "128"]
[EventDate "2018.11.18"]
[EventType "swiss"]
[EventRounds "11"]
[EventCountry "SLO"]
[SourceTitle "CBM 187 Extra"]
[Source "ChessBase"]
[SourceDate "2018.11.04"]
[SourceVersion "1"]
[SourceVersionDate "2018.11.04"]
[SourceQuality "1"]

1. e4 c5 2. Nc3 e6 3. g3 d5 4. Bg2 dxe4 5. Nxe4 Nc6 6. d3 Be7 7. h4 h6 8. Be3 Qb6 9. Qc1 Nf6 10. Nxf6+ Bxf6 11. c3 Ne5 12. Be4 Ng4 13. Ne2 Nxe3 14. fxe3 e5 15. Bf3 Bf5 16. e4 Be6 17. c4 Rd8 18. Qc2 h5 19. Nc3 Qa5 20. 0-0-0 g6 21. Qe2 Bg7 22. g4 hxg4 23. Bxg4 Bd7 24. Qf3 Bxg4 25. Qxg4 Rh5 26. Kb1 Rd7 27. Nd5 b5 28. cxb5 Qxb5 29. Nc3 Qa6 30. Nd5 Qc6 31. Ne3 Rb7 32. Nf5 Kf8 33. Ng3 Rh8 34. h5 Rh6 35. Rhg1 Rc7 36. Qf3 Ke8 37. Nf5 gxf5 38. Rxg7 f4 39. Rdg1 Rd7 40. R1g5 Qd6 41. Rf5 Kf8 42. Rgg5 f6 43. Qh3 Qxd3+ 44. Qxd3 Rxd3 45. Rg6 Rxg6 46. hxg6 Kg7 47. Rh5 Kxg6 48. Rh1 Re3 49. Rg1+ Kf7 50. Kc2 Rxe4 51. Kd3 Ra4 52. a3 e4+ 53. Ke2 Ke6 54. Rg8 Rc4 55. Kd2 e3+ 56. Kd3 Rd4+ 57. Kc3 Rd7 58. Re8+ Re7 59. Rd8 f3 60. Rd3 Kf7 61. Kc4 e2 62. Kxc5 e1Q 63. Rxf3 Qg1+ 64. Kb5 Qb6+ 0-1

[Event "Wch Seniors 65 26th"]
[Site "Marianske Lazne"]
[Date "2016.11.29"]
[Round "10"]
[White "Dvorsky, David"]
[Black "Scharff, Klaus"]
[Result "0-1"]
[WhiteElo "1594"]
[BlackElo "1934"]
[PlyCount "154"]
[EventDate "2016.11.19"]
[EventType "swiss"]
[EventRounds "11"]
[EventCountry "CZE"]
[SourceTitle "CBM 175 Extra"]
[Source "ChessBase"]
[SourceDate "2016.12.12"]
[SourceVersion "1"]
[SourceVersionDate "2016.12.12"]
[SourceQuality "1"]

1. e4 e6 2. d4 d5 3. Nc3 Bb4 4. e5 Ne7 5. Bg5 c5 6. a3 Bxc3+ 7. bxc3 Nbc6 8. Nf3 h6 9. Bxe7 Qxe7 10. Bd3 c4 11. Be2 Bd7 12. Qc1 0-0-0 13. 0-0 Rdf8 14. Qb2 g5 15. Rfb1 b6 16. a4 Na5 17. Qb4 Qxb4 18. cxb4 Nc6 19. Rb2 g4 20. b5 gxf3 21. bxc6 fxe2 22. cxd7+ Kxd7 23. c3 Kc6 24. Rxe2 Rb8 25. Rb1 b5 26. axb5+ Rxb5 27. Rxb5 Kxb5 28. Rb2+ Ka4 29. Rb7 Rf8 30. f4 a5 31. Kf2 Ka3 32. Ke3 h5 33. g3 a4 34. h3 Ka2 35. f5 a3 36. Kf4 Ka1 37. f6 a2 38. Kg5 Rg8+ 39. Kh4 Rh8 40. Kg5 Ra8 41. Kh6 Ra3 42. Kg7 Rb3 43. Ra7 Kb2 44. Kxf7 Ra3 45. Rxa3 Kxa3 46. Kxe6 a1Q 47. f7 Qf1 48. Ke7 Qxh3 49. f8Q Qxg3 50. Ke6+ Kb3 51. Qb4+ Kc2 52. Kxd5 h4 53. e6 h3 54. Kxc4 Qd3+ 55. Kc5 h2 56. e7 Qf5+ 57. d5 Qc8+ 58. Kd6 h1Q 59. Qa4+ Kb2 60. Qb4+ Kc1 61. Qf4+ Kc2 62. Qa4+ Kd3 63. Qb5+ Kd2 64. Qb2+ Ke3 65. Qb6+ Kf3 66. Qc6 Qh6+ 67. Kc5 Qe3+ 68. Kd6 Qh6+ 69. Kc5 Qhxc6+ 70. dxc6 Kf4 71. Kd6 Kf5 72. e8Q Qxe8 73. Kc7 Ke6 74. c4 Qe7+ 75. Kb6 Qb4+ 76. Kc7 Qxc4 77. Kb7 Kd6 0-1

[Event "Wch Seniors 65 26th"]
[Site "Marianske Lazne"]
[Date "2016.11.27"]
[Round "8"]
[White "Dvorsky, David"]
[Black "Weyand, Fernand"]
[Result "1-0"]
[WhiteElo "1594"]
[BlackElo "1816"]
[PlyCount "77"]
[EventDate "2016.11.19"]
[EventType "swiss"]
[EventRounds "11"]
[EventCountry "CZE"]
[SourceTitle "CBM 175 Extra"]
[Source "ChessBase"]
[SourceDate "2016.12.12"]
[SourceVersion "1"]
[SourceVersionDate "2016.12.12"]
[SourceQuality "1"]

1. e4 c6 2. d4 d5 3. Nd2 dxe4 4. Nxe4 Bf5 5. Ng3 Bg6 6. h4 h6 7. h5 Bh7 8. Nf3 Nd7 9. Bd3 Bxd3 10. Qxd3 Qc7 11. Bd2 e6 12. Ne4 Ngf6 13. Nxf6+ Nxf6 14. Ne5 Bd6 15. f4 0-0-0 16. 0-0-0 c5 17. Bc3 Nd5 18. Bd2 Rhe8 19. g3 cxd4 20. Nc4 Bc5 21. Qe4 Nf6 22. Qf3 Rd5 23. Ne5 Bd6 24. Nd3 Kb8 25. Bb4 Rc8 26. Rd2 Qb6 27. Bxd6+ Qxd6 28. Re1 Ra5 29. Kb1 Rc6 30. Ne5 Rc7 31. Qd3 Qd5 32. a3 Rac5 33. g4 Ne8 34. Qxd4 Nf6 35. f5 exf5 36. Qf4 Qe6 37. Rd8+ Rc8 38. Nc6+ Ka8 39. Qb8+ 1-0